Universitas : enciclopedia de iniciación cultural : tomo 3 /

Publicada por la editorial Salvat, la enciclopedia Universitas consiste en un compendio de 21 volúmenes en el que se desarrollan temas diversos de forma armónica, clara y apelando a la curiosidad por el conocimiento. Con el propósito de que sea una obra instructiva más que de consulta, se exime un e...

Descrición completa

Gardado en:
Detalles Bibliográficos
Formato: Libro
Idioma:Lingua castelá
Publicado: Barcelona, España : Salvat, 1950, c1943
Temas:
Etiquetas: Engadir etiqueta
Sen Etiquetas, Sexa o primeiro en etiquetar este rexistro!

MARC

LEADER 00000nam^a2200000^a^4500
001 000360058
005 20250526000000.0
009 20260310115414.252
037 |a Acervo ITESO - Biblioteca 
041 |a ESP 
082 |a 036. 1  |b UNI V. 3 
240 1 1 |a [Universitas: enciclopedia de iniciación cultural] 
245 0 0 |a Universitas :  |b enciclopedia de iniciación cultural : tomo 3 / 
264 4 |a Barcelona, España :  |b Salvat,  |c 1950, c1943 
300 |a 521 p. ;  |c 25.5 cm. 
336 |a texto  |b txt  |2 rdacontenido 
337 |a sin mediación  |b n  |2 rdamedio 
338 |a volumen  |b nc  |2 rdasoporte 
520 |a Publicada por la editorial Salvat, la enciclopedia Universitas consiste en un compendio de 21 volúmenes en el que se desarrollan temas diversos de forma armónica, clara y apelando a la curiosidad por el conocimiento. Con el propósito de que sea una obra instructiva más que de consulta, se exime un estricto orden alfabético para organizar la información en cinco grandes tópicos distribuidos a lo largo de la obra. En los capítulos sobre la Tierra y el universo, se indaga sobre el origen y desarrollo del hombre en el planeta, la exploración del cosmos y los cuerpos celestes, y los estudios geológicos y de la vida animal y vegetal. Sobre la historia y geografía de las naciones se describen las ciudades modernas y se presentan las principales narraciones históricas, tanto de figuras políticas relevantes como de la evolución del arte militar. Sobre las letras y las artes, se mencionan las principales doctrinas filosóficas y representaciones mitológicas, se aborda la historia de la arquitectura, la música, el teatro, el cine y la escultura, y se presentan breves antologías de obras literarias reconocidas. De las ciencias y sus aplicaciones, se demuestran los fundamentos de la física, química y matemática, se rememoran los principales inventos y descubrimientos científicos. De la vida doméstica, se formulan temas de derecho, civismo, deportes, moda y el rol de las mujeres y los niños en el hogar. 
649 |a XX 
650 |a Militares Romanos 
650 |a Políticos Romanos 
650 |a Reyes Egipcios 
650 |a Mujeres Egipcias 
650 |a Papas -  |x Historia 
650 |a Biblia -  |x Historia y Crítica 
650 |a Océano Atlántico 
650 |a Hombre Prehistórico 
650 |a Dinosaurios 
650 |a Cronología Geológica 
650 |a Conducta Social Animal 
650 |a Barcos de Vela 
650 |a Vapor 
650 |a Pan 
650 |a Arroz 
650 |a Fermentación 
650 |a Respiración 
650 |a Lucha (Deporte) 
650 |a Guerra -  |x Historia 
650 |a Vestuario -  |x Historia 
650 |a Ritos 
650 |a Fiestas -  |z España 
650 |a Viajes y Travesías -  |z Palestina 
650 |a Prácticas Culturales 
650 |a Mitología Clásica -  |x Historia y Crítica 
650 |a Mitología Griega -  |x Historia y Crítica 
650 |a Canto Profano Medieval -  |x Historia y Crítica 
650 |a Música Medieval -  |x Historia y Crítica 
650 |a Arquitectura Española -  |x Historia y Crítica 
650 |a Arte Español -  |x Historia y Crítica 
650 |a Arte Persa -  |x Historia y Crítica 
650 |a Filosofía Clásica -  |x Historia y Crítica 
650 |a Filosofía Griega -  |x Historia y Crítica 
650 |a Paleogeografía 
650 |a Etología 
650 |a Mecánica 
650 |a Astronomía -  |x Observaciones 
650 |a Derecho -  |x Historia 
650 |a Enciclopedias y Diccionarios -  |x Tema Principal 
650 |a Toledo, España -  |x Descripción 
650 |a Africa -  |x Descripción 
650 |a Roma -  |x Historia -  |y Guerras Púnicas, 264-146 a.C. 
650 |a Roma -  |x Historia -  |y República, 509-31 a.C. 
650 |a César, Cayo Julio 
650 |a Marco Antonio 
650 |a Cleopatra VII,  |c Reina de Egipto 
910 |a Fondo General 
920 |a Impresos - Libros 
930 |a Libros Antiguos y Raros 
905 |a 108 
901 |a 0500253623  |b IT2  |c LRA  |i d72913  |u 20250526 
902 |a https://opac.biblio.iteso.mx/vufind/Record/000360058